00485nam a2200109Ia 4500008004100000050002400041100002300065245014300088260008600231300002800317521003000345140724s9999 xx 000 0 und d aHF 5549b.T665 2012 aToniza, Jessica B. aPersonality profile of freshmen business and tourism students of Southville International School and Colleges (SISC) /cJessica B. Toniza. aLas Piñas, Philippines :bSouthville International School and Colleges,cc2012. a61 p. :bill. ;c28 cm. aHuman Resource Management